Top 5 biggest cities in each North American country. - Statistics

General Stats
  • This quiz has been taken 10 times
  • The average score is 16 of 115
Answer Stats
Hint Answer % Correct
Canada. Toronto
100%
Canada. Montreal
78%
Canada. Calgary
67%
United States Of America. Chicago
67%
United States Of America. Houston
67%
United States Of America. Los Angeles
67%
United States Of America. New York City
67%
Canada. Ottawa
67%
Mexico. Mexico City
56%
Canada. Edmonton
44%
Guatemala. Guatemala City
44%
Cuba. Havana
44%
Jamaica. Kingston
44%
Panamá Panamá
44%
United States Of America. Phoenix
44%
Haiti. Port-au-Prince
44%
Dominican Republic. Santo Domingo
44%
Mexico. Tijuana
44%
Saint Kitts and Nevis. Basseterre
33%
Belize. Belize City
33%
Belize. Belmopan
33%
Barbados. Bridgetown
33%
Saint Lucia. Castries
33%
Saint Vincent and the Grenadines. Kingstown
33%
Nicaragua. Managua
33%
Bahamas. Nassau
33%
Trinidad and Tobago. Port of Spain
33%
Mexico. Puebla
33%
Dominica. Roseau
33%
Grenada. Saint George's
33%
Antigua and Barbuda. Saint John's
33%
Costa Rica. San José
33%
El Salvador. San Salvador
33%
Honduras. Tegucigalpa
33%
Trinidad and Tobago. Chaguanas
11%
Mexico. Ecatepec
11%
Mexico. León
11%
Costa Rica. San Francisco
11%
Honduras. San Pedro Sula
11%
El Salvador Santa Ana
11%
Costa Rica. Alajuela
0%
Antigua and Barbuda. All Saints
0%
Trinidad and Tobago. Arima
0%
Barbados. Bathsheba
0%
Dominica. Berekua
0%
Saint Vincent and the Grenadines. Biabou
0%
Saint Lucia. Bisée
0%
Antigua and Barbuda. Bolans
0%
Saint Vincent and the Grenadines. Byera Village
0%
Saint Vincent and the Grenadines. Calliaqua
0%
Cuba. Camagüey
0%
Haiti. Carrefour
0%
Saint Kitts and Nevis. Cayon
0%
Nicaragua. Chinandega
0%
Honduras. Choloma
0%
Costa Rica. Cinco Esquinas
0%
Guatemala. Cobán
0%
Panamá Colón
0%
Dominican Republic. Concepción de la Vega
0%
Bahamas. Coopers Town
0%
Panamá David
0%
Haiti. Delmas
0%
Honduras. El Progreso
0%
Saint Kitts and Nevis. Figtree
0%
Bahamas. Freeport
0%
Saint Vincent and the Grenadines. Georgetown
0%
Haiti. Gonaïves
0%
Grenada. Gouyave
0%
Grenada. Grenville
0%
Barbados. Holetown
0%
Cuba. Holguín
0%
Honduras. La Ceiba
0%
Panamá La Chorrera
0%
Nicaragua. Leon
0%
Antigua and Barbuda. Liberta
0%
Costa Rica. Limón
0%
Dominica. Mahaut
0%
Dominica. Marigot
0%
Bahamas. Marsh Harbour
0%
Nicaragua. Masaya
0%
Nicaragua. Matagalpa
0%
Jamaica. May Pen
0%
El Salvador Mejicanos
0%
Saint Lucia. Micoud
0%
Guatemala. Mixco
0%
Saint Kitts and Nevis. Monkey Hill
0%
Jamaica. Montego Bay
0%
Barbados. Oistins
0%
Belize. Orange Walk Town
0%
Haiti. Pétion-Ville
0%
Jamaica. Portmore
0%
Dominica. Portsmouth
0%
Antigua and Barbuda. Potter's Village
0%
Guatemala. Quetzaltenango
0%
Saint Kitts and Nevis. Saddlers
0%
Dominican Republic. San Felipe de Puerto Plata
0%
Trinidad and Tobago. San Fernando
0%
Belize. San Ignacio
0%
Trinidad and Tobago. San Juan
0%
El Salvador San Miguel
0%
Belize. San Pedro
0%
Dominican Republic. San Pedro de Macorís
0%
Cuba. Santa Clara
0%
Panamá Santiago
0%
Cuba. Santiago de Cuba
0%
Dominican Republic. Santiago de los Caballeros
0%
Saint Lucia. Soufrière
0%
El Salvador Soyapango
0%
Jamaica. Spanish Town
0%
Barbados. Speightstown
0%
Grenada. Victoria
0%
Grenada. Victoria
0%
Saint Lucia. Vieux Fort
0%
Guatemala. Villa Nueva
0%
Bahamas. West End
0%
No matching quizzes found
Score Distribution
Percent of People with Each Score
Percentile by Number Answered
Your Score History
You have not taken this quiz